000
00265nam a22001217a 4500
008
180215b xxu||||| |||| 00| 0 eng d
041
_a
eng
080
_a
61
100
_a
3
101
_a
shm
245
_a
the adult stroke patient
_c
barbara .z
942
_2
udc
_c
BK
999
_c
42577
_d
42577